Online
Catalog

Misión de los capuchinos en Cumaná / (Record no. 2232)

MARC details
000 -CABECERA
campo de control de longitud fija 01059cam a2200241 a 4500
001 - NÚMERO DE CONTROL
campo de control 000002394
005 - FECHA Y HORA DE LA ÚLTIMA TRANSACCIÓN
campo de control 20200929150207.0
008 - DATOS DE LONGITUD FIJA--INFORMACIÓN GENERAL
campo de control de longitud fija 761116s1968 ve a 001 0 spa
040 ## - FUENTE DE LA CATALOGACIÓN
Centro catalogador/agencia de origen DO-SdBNP
Centro/agencia transcriptor UU
Centro/agencia modificador OCoLC
-- DLC
082 ## - NÚMERO DE LA CLASIFICACIÓN DECIMAL DEWEY
Número de clasificación 987
Número de documento/Ítem B928m
100 1# - ENTRADA PRINCIPAL--NOMBRE DE PERSONA
Nombre de persona Carrocera, Buenaventura de,
Forma completa/desarrollada del nombre Antonio Rabanal de La Hoz
9 (RLIN) 7600
245 10 - MENCIÓN DE TÍTULO
Título Misión de los capuchinos en Cumaná /
Mención de responsabilidad, etc. 1905-1999.
260 ## - PUBLICACIÓN, DISTRIBUCIÓN, ETC.
Lugar de publicación, distribución, etc. Caracas :
Nombre del editor, distribuidor, etc. Academia Nacional de la Historia,
Fecha de publicación, distribución, etc. 1968.
300 ## - DESCRIPCIÓN FÍSICA
Extensión 3 v. :
Otras características físicas il. ;
Dimensiones 23 cm.
490 1# - MENCIÓN DE SERIE
Mención de serie Fuentes para la historia colonial de Venezuela
490 1# - MENCIÓN DE SERIE
Mención de serie Biblioteca de la Academia Nacional de la Historia
Designación de volumen o secuencia no. 88
500 ## - NOTA GENERAL
Nota general La biblioteca posee el volumen 1.
500 ## - NOTA GENERAL
Nota general Incluye referencias bibliográficas y notas al pie de las páginas
505 0# - NOTA DE CONTENIDO CON FORMATO
Nota de contenido con formato t. 1. Su historia --t. 2. Documentos (1650-1730) --t. 3. Documentos (1735-1817).
650 #4 - PUNTO DE ACCESO ADICIONAL DE MATERIA--TÉRMINO DE MATERIA
Término de materia o nombre geográfico como elemento de entrada Venezuela
Subdivisión general Historia
9 (RLIN) 7601
830 #0 - PUNTO DE ACCESO ADICIONAL DE SERIE-TÍTULO UNIFORME
Título uniforme Biblioteca de la Academia Nacional de la Historia,
Nombre de parte o sección de la obra Fuentes para la historia colonial de Venezuela ;
Designación de volumen o secuencia no.88
9 (RLIN) 7602
910 ## - DATOS DE OPCIÓN DEL USUARIO (OCLC)
Datos de opción del usuario Catalogación por copia / LC
Holdings
Estado de retiro Estado de pérdida Restricciones de uso No para préstamo Código de colección Localización permanente Ubicación/localización actual Ubicación en estantería Fecha de adquisición Número de inventario Total de préstamos Signatura topográfica completa Código de barras Fecha visto por última vez Precio válido a partir de Tipo de ítem Koha
    Préstamo interno   Monografías: Libros y Folletos General General En catalogación 18.09.2009 LF1   987 B928m 2394-10 25.06.2020 25.06.2020 Préstamo interno

Powered by Koha